000 01704nam a22004097a 4500
003 CHAP
005 20220329143301.0
008 080130s2007 mx r 00010 spa d
010 _a94394
011 _a95366
035 _a105989
040 _cCHAP
090 _aTesis
100 1 _aLeyva Hernández, Gerardo.
_966576
245 1 3 _aLa comercialización de frijol en el Estado de Zacatecas :
_bcaso Unión de Productores de Frijol de Fresnillo, Zacatecas, sociedad de producción rural de responsabilidad ilimitada
_c/por Gerardo Leyva Hernández
260 _aChapingo, Méx. :
_bEl autor,
_c2007
300 _a176 h. :
_bcuadros ; mapas ; anexos
502 _aTesis (Ing. Agr. en Zonas Áridas) -- UACH. Unidad Regional Universitaria de Zonas Áridas
530 _aTambién disponible en línea
590 _aALEPH
_b10
_c20130110
_lUCH01
_h1522
590 _aBATCH-UPD
_b10
_c20130110
_lUCH01
_h0822
590 _aBATCH-UPD
_b10
_c20130410
_lUCH01
_h0500
590 _aBATCH-UPD
_b10
_c20130913
_lUCH01
_h2155
590 _aBATCH-UPD
_b10
_c20140324
_lUCH01
_h1506
590 _aBATCH-UPD
_b10
_c20141002
_lUCH01
_h0836
590 _aCONVERSION
_b10
_c20130109
_lUCH01
_h1352
650 1 4 _aAgricultura de temporal.
_91999
650 1 4 _aFrijol
_xAspectos económicos
_zZacatecas.
_943335
650 1 4 _aFrijol
_xComercialización.
_943349
650 1 4 _aFrijol
_zZacatecas.
_943458
650 1 4 _aOrganización de productores.
_983544
856 _3Finding aid
_uhttp://10.13.5.2/tesis/105989.pdf
_zTeclea aqui
901 _aBK
942 _cFOLL
949 _aTesis
_bBC
_cTES
_d33724002046322
_eTS2
_fc.2
_gDonaciØn
_h47593
_i105989
_si
949 _aTesis
_bBC
_cTES
_d33724002046371
_eTS1
_gDonaciØn
_h47592
_i105989
_sb
999 _c94394
_d94394